00576nam a2200193 a 4500001001300000003000900013005001700022008004100039020002300080082001300103100002200116245008600138260004300224300000900267500003500276505002400311650002500335700002200360nice12345678IN_TiNIC20260116014021.0120809s2009 lona grp 000 0 eng  a9780415480253c65000a306bSAT aSatpathy, Sumanyu aSouthern Postcolonialismsb The Global South and the New Literary Representations aLondon bRoutledge Chapman Hall c2009 a249p aincludes index and biblioraphy2 aBibliography, Index aPost Colonial Theory1 aSatpathy, Sumanyu